000 00697na a2200229 4500
001 13146
003 MIRAKIL
005 20181213154831.0
008 161012b tu 000 0
020 _a975730641X
035 _a13146
040 _aMilas
_btur
_cTR-AnCHP
041 _atur
082 _a305.3
_bY37 1998
090 _a305.3 Y37 1998
245 _a75 yılda kadınlar ve erkekler
_cEditör Ayşe Berktay Hacımirzaoğlu
260 _aİstanbul
_bTürkiye İş Bankası, Türkiye Ekonomik Toplumsal Tarih Vakfı
_c1998
300 _a375 s.
_bfotğ. ; tbl.
_c25 sm.
650 _aSosyal gruplar
_xKadınlar
_xErkekler
700 _aHacımirzaoğlu, Ayşe Berktay
942 _2ddc
_cBKS
999 _c1691
_d1691